Spanish Animal Flashcards Quiz Stats

 Plays Quiz Updated Jul 11, 2019

Score 0/25 Timer 07:00
4 Plays Today
% Correct
Giraffe
94.3%
Lion
93.9%
Turtle
91.7%
Kangaroo
87.6%
Cat
87.5%
Dog
81.1%
Zebra
78.7%
Horse
75.3%
Mouse
72.5%
Monkey
71.2%
Cow
70.2%
Wolf
69%
Bird
63.8%
% Correct
Bear
61.8%
Duck
51%
Rabbit
49.6%
Pig
48.1%
Fox
47.1%
Cheetah
45.1%
Goat
40%
Sheep
39.3%
Snake
33.4%
Deer
28.2%
Owl
28.1%
Seal
25.1%

You're not logged in!

Compare scores with friends on all Sporcle quizzes.
OR
Log In

Sporcle TV

Today on Sporcle TV


Watch our educational content, quiz creation guides, and fun videos on Sporcle TV.

Show Comments

Extras

Top Quizzes Today


Score Distribution

Your Account Isn't Verified!

In order to create a playlist on Sporcle, you need to verify the email address you used during registration. Go to your Sporcle Settings to finish the process.

Report this User

Report this user for behavior that violates our Community Guidelines.

Details: